| Tag |
First Indicator |
Second Indicator |
Subfields |
| LEADER |
00000cam a22000001i 4500 |
| 001 |
in00004162113 |
| 005 |
20200117100941.0 |
| 006 |
m d f |
| 007 |
cr bn mmmapmmp |
| 008 |
170524s2016 mdu o f000 0 eng d |
| 035 |
|
|
|a chdc20170431
|
| 040 |
|
|
|a UMI
|b eng
|e rda
|c UMI
|d UtOrBLW
|
| 043 |
|
|
|a zo-----
|
| 086 |
0 |
|
|a Y 4.SCI 2:114-78
|
| 110 |
1 |
|
|a United States.
|b Congress.
|b House.
|b Committee on Science, Space, and Technology.
|b Subcommittee on Space,
|e issuing body.
|0 http://id.loc.gov/authorities/names/no91011048
|
| 245 |
1 |
0 |
|a Next Step to Mars :
|b Deep Space Habitats.
|
| 264 |
|
1 |
|a Bethesda, Md. :
|b ProQuest,
|c 2016.
|
| 300 |
|
|
|a 150 pages, digital, PDF file
|
| 336 |
|
|
|a text
|2 rdacontent
|b txt
|
| 337 |
|
|
|a computer
|b c
|2 rdamedia
|
| 338 |
|
|
|a online resource
|2 rdacarrier
|b cr
|
| 500 |
|
|
|a Record is based on bibliographic data in ProQuest U.S. Congressional Hearings Digital Collection. Reuse except for individual research requires license from ProQuest, LLC.
|
| 533 |
|
|
|a Electronic reproduction.
|b [Bethesda, Md.] :
|c ProQuest,
|d 2017.
|e digital, PDF file.
|n ProQuest Congressional Hearings Digital Collection.
|n Mode of access: World Wide Web via ProQuest website.
|
| 538 |
|
|
|a System requirements: PDF reader software.
|
| 610 |
1 |
0 |
|a United States.
|b National Aeronautics and Space Administration.
|0 http://id.loc.gov/authorities/names/n78087581
|
| 650 |
|
0 |
|a Astronautics
|x International cooperation.
|0 http://id.loc.gov/authorities/subjects/sh85008956
|
| 651 |
|
0 |
|a Outer space
|x Exploration
|x Government policy
|z United States.
|
| 776 |
0 |
8 |
|i Microfiche version:
|a United States. Congress. House. Committee on Science, Space, and Technology. Subcommittee on Space.
|t Next Step to Mars
|o CIS 2017 H701-41
|w cis20171039
|
| 856 |
4 |
0 |
|u http://proxy.library.tamu.edu/login?url=http://search.proquest.com/congcomp/getdoc?HEARING-ID=HRG-2016-TEC-0028
|y Electronic resource (PDF)
|z CIS 2017-H701-41
|t 0
|
| 998 |
|
|
|a cis20171039
|
| 999 |
f |
f |
|s bc31e2cc-1b14-347c-9b55-e6e6622988a9
|i 98711a39-d2a6-3475-8404-99abf9bf9a83
|t 0
|
| 952 |
f |
f |
|a Texas A&M University
|b College Station
|c Electronic Resources
|d Available Online
|t 0
|e Y 4.SCI 2:114-78
|h Superintendent of Documents classification
|
| 998 |
f |
f |
|a Y 4.SCI 2:114-78
|t 0
|l Available Online
|